[Event "Warsaw Najdorf Memorial op-B"]
[Site "Warsaw"]
[Date "2023.07.19"]
[Round "9"]
[White "Stefaniuk, Zbigniew"]
[Black "Bury, Milosz"]
[Result "1-0"]
[WhiteElo "1721"]
[BlackElo "1785"]
[PlyCount "53"]
[EventDate "2023.07.11"]
[EventType "swiss"]
[EventRounds "9"]
[EventCountry "POL"]
[SourceTitle "EXT 2024"]
[Source "ChessBase"]
[SourceDate "2023.10.10"]
[SourceVersion "1"]
[SourceVersionDate "2023.10.10"]
[SourceQuality "1"]

1. e4 c5 2. Nf3 e6 3. d4 cxd4 4. Nxd4 Nf6 5. Nc3 Nc6 6. Ndb5 Bb4 7. a3 Bxc3+ 8. Nxc3 d5 9. exd5 exd5 10. Bd3 0-0 11. 0-0 Bg4 12. f3 Be6 13. Bg5 h6 14. Bh4 Qb6+ 15. Kh1 Nd7 16. f4 f6 17. Qh5 Ne7 18. Rae1 Rae8 19. Bf2 Qc6 20. Bb5 Qd6 21. Bc5 Qxc5 22. Rxe6 Rd8 23. b4 Qxc3 24. Rxe7 Nb6 25. Bd3 Rd7 26. Rxd7 Nxd7 27. Qxd5+ 1-0

[Event "Warsaw Najdorf Memorial op-B"]
[Site "Warsaw"]
[Date "2023.07.18"]
[Round "8"]
[White "Bury, Milosz"]
[Black "Mazus, Jakub"]
[Result "1/2-1/2"]
[WhiteElo "1785"]
[BlackElo "1600"]
[PlyCount "71"]
[EventDate "2023.07.11"]
[EventType "swiss"]
[EventRounds "9"]
[EventCountry "POL"]
[SourceTitle "EXT 2024"]
[Source "ChessBase"]
[SourceDate "2023.10.10"]
[SourceVersion "1"]
[SourceVersionDate "2023.10.10"]
[SourceQuality "1"]

1. e4 c5 2. Nf3 e6 3. g3 Nc6 4. Bg2 d5 5. exd5 exd5 6. 0-0 d4 7. Re1+ Be7 8. d3 Nf6 9. Bg5 0-0 10. Nbd2 Be6 11. Bxf6 Bxf6 12. Ne4 Be7 13. h4 Bg4 14. Qc1 Bxf3 15. Bxf3 f5 16. Ng5 Qd6 17. Qf4 Qxf4 18. gxf4 Bxg5 19. fxg5 Rfe8 20. Bxc6 bxc6 21. Kg2 Kf7 22. Kg3 Rab8 23. b3 g6 24. Kf4 a5 25. a4 Rbd8 26. Rac1 Rb8 27. h5 Rbd8 28. h6 Re6 29. Rxe6 Kxe6 30. Re1+ Kd6 31. Kg3 Rb8 32. f4 Rc8 33. Kf3 Rb8 34. Re5 Rd8 35. Kf2 Rb8 36. Kf3 1/2-1/2

[Event "Warsaw Maciei Memorial"]
[Site "Warsaw"]
[Date "2023.07.10"]
[Round "7"]
[White "Bury, Milosz"]
[Black "Pesko, Tomasz"]
[Result "1-0"]
[WhiteElo "1785"]
[BlackElo "1838"]
[PlyCount "141"]
[EventDate "2023.07.10"]
[EventType "swiss (blitz)"]
[EventRounds "11"]
[EventCountry "POL"]
[SourceTitle "CBM 215 Extra"]
[Source "ChessBase"]
[SourceDate "2023.09.30"]
[SourceVersion "1"]
[SourceVersionDate "2023.09.30"]
[SourceQuality "1"]

1. e4 c5 2. Nf3 d6 3. d4 cxd4 4. Qxd4 a6 5. Nc3 Nc6 6. Qd3 Nf6 7. Bg5 e6 8. 0-0-0 Be7 9. g3 b5 10. Bg2 Bb7 11. Rhe1 Qc7 12. Kb1 Rd8 13. h4 h6 14. Bf4 e5 15. Bc1 Na5 16. Nd2 Nc4 17. Nxc4 bxc4 18. Qe2 0-0 19. Nd5 Bxd5 20. exd5 c3 21. b3 a5 22. f4 e4 23. Bxe4 Nxe4 24. Qxe4 Rfe8 25. Qa4 Rb8 26. Re4 Rec8 27. Rde1 Bf6 28. Re8+ Rxe8 29. Rxe8+ Rxe8 30. Qxe8+ Kh7 31. Qe4+ Kg8 32. a4 Qd7 33. f5 Qa7 34. Be3 Qa6 35. Qc4 Qb7 36. Bd4 Bxd4 37. Qxd4 Qc7 38. g4 Kf8 39. g5 Qc8 40. gxh6 Qxf5 41. Qxg7+ Ke8 42. Qg8+ Kd7 43. Qg2 Qh7 44. Qg4+ Ke7 45. Qg5+ Kd7 46. Qf6 Qg8 47. Qg7 Qe8 48. Qxc3 Qe4 49. Qh3+ Ke7 50. Qd3 Qe1+ 51. Ka2 Qxh4 52. h7 Kf8 53. Qf5 Kg7 54. Qd3 Qh5 55. Qg3+ Kxh7 56. Qxd6 Qe2 57. Qc5 Qd2 58. Qc4 Kg7 59. Kb2 Kf6 60. Qc3+ Qxc3+ 61. Kxc3 Ke5 62. d6 Kxd6 63. Kd4 f6 64. c3 Kc6 65. b4 axb4 66. cxb4 Kd6 67. Ke4 Kc6 68. Kf5 Kd5 69. Kxf6 Kc4 70. a5 Kb5 71. Ke5 1-0

[Event "Lazy Baltic Pearl op-A 19th"]
[Site "Lazy"]
[Date "2023.06.30"]
[Round "5"]
[White "Bury, Milosz"]
[Black "Lecki, Leonard"]
[Result "0-1"]
[WhiteElo "1800"]
[BlackElo "1914"]
[PlyCount "66"]
[EventDate "2023.06.26"]
[EventType "swiss"]
[EventRounds "9"]
[EventCountry "POL"]
[SourceTitle "CBM 215 Extra"]
[Source "ChessBase"]
[SourceDate "2023.09.30"]
[SourceVersion "1"]
[SourceVersionDate "2023.09.30"]
[SourceQuality "1"]

1. e4 e5 2. Bc4 Nf6 3. d3 Bc5 4. Nc3 0-0 5. Nf3 d6 6. Bg5 h6 7. Bh4 c6 8. a4 a5 9. 0-0 Re8 10. d4 exd4 11. Nxd4 g5 12. Bg3 Nxe4 13. Nxe4 Rxe4 14. c3 Bxd4 15. cxd4 Qf6 16. Re1 Rxd4 17. Qb3 Nd7 18. Re8+ Kg7 19. Rae1 Nc5 20. Qc2 Bf5 21. Qc1 Rxe8 22. Rxe8 Nxa4 23. h4 Nxb2 24. hxg5 hxg5 25. Be2 Nd3 26. Qe3 Nf4 27. Qf3 Nxe2+ 28. Qxe2 Bg6 29. Kh2 Bh7 30. Rb8 Rb4 31. f3 Qh6+ 32. Kg1 Rb1+ 33. Kf2 Qf6 0-1

[Event "Lazy Baltic Pearl op-A 18th"]
[Site "Lazy"]
[Date "2022.07.02"]
[Round "7"]
[White "Babiarz, Arkadiusz"]
[Black "Bury, Milosz"]
[Result "1-0"]
[WhiteElo "2027"]
[BlackElo "1685"]
[PlyCount "119"]
[EventDate "2022.06.26"]
[EventType "swiss"]
[EventRounds "9"]
[EventCountry "POL"]
[SourceTitle "CBM 209 Extra"]
[Source "ChessBase"]
[SourceDate "2022.09.30"]
[SourceVersion "1"]
[SourceVersionDate "2022.09.30"]
[SourceQuality "1"]

1. e4 c5 2. Nf3 e6 3. d4 cxd4 4. Nxd4 Nf6 5. Nc3 Nc6 6. Ndb5 Bb4 7. Nd6+ Ke7 8. Bf4 e5 9. Nf5+ Kf8 10. Bg5 h6 11. Bxf6 Qxf6 12. Ne3 Ne7 13. Bc4 Qc6 14. 0-0 Bxc3 15. bxc3 d6 16. Qf3 f5 17. Rfd1 g6 18. exf5 Qxf3 19. gxf3 Nxf5 20. Nxf5 Bxf5 21. Rxd6 Ke7 22. Rd5 Rac8 23. Bb3 Kf6 24. Re1 Rhd8 25. Rdxe5 Rxc3 26. R5e3 Rdc8 27. f4 b6 28. R1e2 R8c7 29. Rd2 R7c6 30. Ba4 Rc7 31. Bb3 R7c6 32. Kf1 R3c5 33. Re8 Rc7 34. Rd6+ Kg7 35. Rg8+ Kh7 36. Rdd8 Rc8 37. Rxc8 Bxc8 38. Rf8 Rc7 39. Rf7+ Rxf7 40. Bxf7 Kg7 41. Be8 Kf6 42. Ke2 Bf5 43. c3 Ke6 44. Ke3 Kd6 45. Kd4 Ke7 46. Bb5 Be6 47. a3 Kf6 48. Bd3 h5 49. h4 Bf5 50. Bf1 Be6 51. Bg2 Bb3 52. Be4 Be6 53. c4 Bf5 54. f3 Be6 55. c5 bxc5+ 56. Kxc5 Bc8 57. a4 Ba6 58. a5 Bc8 59. Kd6 Be6 60. Bxg6 1-0

[Event "Lazy Baltic Pearl op-A 18th"]
[Site "Lazy"]
[Date "2022.06.28"]
[Round "3"]
[White "Ciszewski, Krzysztof"]
[Black "Bury, Milosz"]
[Result "1/2-1/2"]
[WhiteElo "2017"]
[BlackElo "1685"]
[PlyCount "88"]
[EventDate "2022.06.26"]
[EventType "swiss"]
[EventRounds "9"]
[EventCountry "POL"]
[SourceTitle "CBM 209 Extra"]
[Source "ChessBase"]
[SourceDate "2022.09.30"]
[SourceVersion "1"]
[SourceVersionDate "2022.09.30"]
[SourceQuality "1"]

1. d4 Nf6 2. c4 e6 3. Nc3 Bb4 4. e3 0-0 5. Bd3 d5 6. Nf3 b6 7. a3 Bxc3+ 8. bxc3 Bb7 9. 0-0 Nbd7 10. cxd5 exd5 11. Qe2 c5 12. a4 a5 13. Rb1 Ne4 14. Bb2 f5 15. c4 Kh8 16. Rfd1 Qe7 17. Ba1 Rac8 18. Ne5 Nxe5 19. dxe5 dxc4 20. Bxc4 Qg5 21. f3 f4 22. exf4 Rxf4 23. Bd5 Bxd5 24. Rxd5 Nf6 25. Rd6 Ne8 26. Rdxb6 Rb4 27. Bc3 Qf5 28. Qe1 Rxb1 29. Qxb1 Qf4 30. Qe4 Qc1+ 31. Qe1 Qc2 32. e6 Rd8 33. Rb1 Qxa4 34. Bxa5 Rd6 35. e7 h6 36. Bc3 Qd7 37. Rb8 Rd1 38. Rxe8+ Kh7 39. Rh8+ Kxh8 40. e8Q+ Qxe8 41. Qxd1 Qe3+ 42. Kf1 Qxc3 43. Qd8+ Kh7 44. Qd5 Qc1+ 1/2-1/2